[Event "Tourn. n9040"]
[Site "www.chess-mail.com"]
[Date "2016.12.13"]
[Round "1"]
[White "Hansen"]
[Black "Jjmcbride"]
[WhiteElo "1630"]
[BlackElo "1430"]
[Result "0-1"]
[Round "1"]
1.e4 e5
2.a3 Ng8f6
3.g4 d6
4.Qd1f3 Bc8xg4
5.Qf3g3 Qd8d7
6.d3 h6
7.h3 Bg4e6
8.h4 Nb8c6
9.c3 d5
10.b4 dxe4
11.h5 Be6g4
12.b5 Nc6a5
13.Qg3xe5 Bf8e7
14.Nb1d2 exd3
15.f3 Bg4f5
16.Rh1h4 O-O-O
17.Rh4d4 Be7d6
18.Qe5e3 Rh8e8
19.Rd4e4 Qd7xb5
20.c4 Bd6g3
21.Kd1 Qb5a4
22.Nd2b3 Qa4xb3
23.Kd2 Qb3c2
{ resign }
0-1

[Event "Tourn. n8971"]
[Site "www.chess-mail.com"]
[Date "2016.12.13"]
[Round "1"]
[White "Tartan"]
[Black "Numanoid"]
[WhiteElo "2470"]
[BlackElo "2320"]
[Result "1-0"]
[Round "1"]
1.d4 d5
2.c4 dxc4
3.Ng1f3 Ng8f6
4.e3 Bc8g4
5.Bf1xc4 e6
6.O-O a6
7.h3 Bg4h5
8.Nb1c3 Nb8c6
9.Bc4e2 Bf8d6
10.b3 O-O
11.Bc1b2 Qd8e7
12.a3 Rf8d8
13.b4 Bh5g6
14.Nf3h4 e5
15.Nh4xg6 hxg6
16.d5 Nc6a7
17.e4 c6
18.Rf1e1 cxd5
19.Nc3xd5 Nf6xd5
20.exd5 Ra8c8
21.f4 e4
22.Qd1d4 { resign }
1-0

[Event "Match"]
[Site "www.echecsemail.com"]
[Date "2016.12.13"]
[Round "1"]
[White "Sonny1000"]
[Black "Olddog55"]
[WhiteElo "1310"]
[BlackElo "1800"]
[Result "0-1"]
[Round "1"]
1.e4 e5
2.c3 Ng8f6
3.Bf1c4 d5
4.exd5 Nf6xd5
5.Bc4xd5 Qd8xd5
6.f3 e4
7.f4 e3
8.d3 Qd5xg2
9.Qd1f3 Qg2xf3
10.h4 Qf3f2
11.Kd1 Bc8g4
12.Ng1e2 Qf2xe2
{ resign }
0-1

[Event "Match"]
[Site "www.echecsemail.com"]
[Date "2016.12.13"]
[Round "1"]
[White "Azulmarino"]
[Black "Sagara1977"]
[WhiteElo "1570"]
[BlackElo "1520"]
[Result "1-0"]
[Round "1"]
1.e4 e5
2.Ng1f3 Qd8f6
3.Bf1e2 Nb8c6
4.d3 Nc6d4
5.Bc1g5 Nd4xf3
6.Be2xf3 Qf6xg5
7.Nb1c3 c6
8.h4 Qg5f6
9.Nc3a4 Qf6d6
10.O-O Qd6h6
11.d4 exd4
12.g3 c5
13.Na4xc5 Bf8xc5
14.Bf3h5 Ng8f6
15.Bh5f3 O-O
16.e5 Nf6e8
17.Bf3e2 d6
18.Be2d3 dxe5
19.c3 Ne8f6
20.Kg2 e4
21.Bd3c4 d3
22.Rf1e1 d2
23.Re1e2 Bc8g4
24.Qd1c2 Bg4xe2
25.Bc4xe2 Ra8d8
26.Ra1d1 e3
27.b4 Bc5b6
28.f3 g5
29.hxg5 Qh6xg5
30.f4 Qg5d5
31.Be2f3 Qd5e6
32.Rd1h1 e2
33.Bf3xe2 Qe6xe2
34.Kh3 Nf6e4
35.Rh1h2 Ne4f2
36.Kg2 d1Q
37.Qc2xh7 { resign }
1-0

[Event "Match"]
[Site "www.echecsemail.com"]
[Date "2016.12.13"]
[Round "1"]
[White "Mrmoto"]
[Black "Winston"]
[WhiteElo "1680"]
[BlackElo "1469"]
[Result "0-1"]
[Round "1"]
1.e4 e6
2.d4 d5
3.e5 c5
4.Ng1f3 Nb8c6
5.Bf1b5 Qd8b6
6.Bb5e2 Ng8h6
7.b3 cxd4
8.Nf3xd4 Nc6xd4
9.O-O Bf8c5
10.Bc1e3 Nd4xe2
11.Qd1xe2 Bc5xe3
12.fxe3 d4
13.Kh1 dxe3
14.c4 Qb6d4
15.Nb1a3 Qd4xe5
16.Na3b5 a6
17.Nb5a3 Nh6f5
18.Na3c2 O-O
19.Ra1d1 b6
20.Nc2b4 Bc8b7
21.Rd1d7 Qe5e4
22.Nb4d3 Nf5h4
23.Nd3f4 Nh4xg2
24.Rd7xb7 Ng2xf4
25.Kg1 Nf4xe2

0-1

[Event "Match"]
[Site "www.echecsemail.com"]
[Date "2016.12.13"]
[Round "1"]
[White "Geodad5"]
[Black "Juodivarnai"]
[WhiteElo "2120"]
[BlackElo "2180"]
[Result "1-0"]
[Round "1"]
1.d4 d5
2.c4 c6
3.Nb1c3 e6
4.e3 Ng8f6
5.Ng1f3 Nb8d7
6.cxd5 exd5
7.Bf1d3 Bf8d6
8.O-O O-O
9.a3 Rf8e8
10.b4 Nf6e4
11.Bc1b2 Nd7f6
12.Qd1c2 Bc8f5
13.Nf3h4 Bf5g6
14.Nh4xg6 hxg6
15.Ra1e1 Qd8c7
16.g3 Qc7d7
17.Kg2 g5
18.f3 Ne4xc3
19.Bb2xc3 Re8e7
20.Bc3d2 Ra8e8
21.e4 dxe4
22.fxe4 Bd6c7
23.Bd2xg5 Re7e6
24.e5 Nf6d5
25.Bd3f5 Nd5b6
26.Bf5xe6 Qd7xe6
27.Re1e3 Nb6d5
28.Re3f3 Re8f8
29.Bg5d2 Bc7b6
30.Qc2e4 Nd5e7
31.Bd2g5 Ne7g6
32.h4 Qe6d7
33.h5 Ng6e7
34.Bg5xe7 Qd7xe7
35.Qe4g4 Qe7d8
36.h6 g6
37.Rf3xf7 { resign }
1-0

[Event "Match"]
[Site "www.echecsemail.com"]
[Date "2016.12.13"]
[Round "1"]
[White "Add"]
[Black "Jobeye"]
[WhiteElo "2100"]
[BlackElo "1809"]
[Result "1-0"]
[Round "1"]
1.e4 e5
2.Ng1f3 Ng8f6
3.Nf3xe5 Qd8e7
4.Ne5f3 Nf6xe4
5.Qd1e2 d5
6.d3 Ne4f6
7.Qe2xe7 Bf8xe7
8.h3 Nb8c6
9.c3 b6
10.Bc1f4 Be7d8
11.d4 O-O
12.Nb1d2 Nf6e4
13.Bf4e3 Ne4xd2
14.Nf3xd2 Bc8f5
15.Nd2f3 a6
16.Kd2 h6
17.Bf1d3 Bf5e4
18.Rh1g1 Rf8e8
19.Nf3h2 Nc6a5
20.b3 Be4xd3
21.Kxd3 Bd8f6
22.Nh2g4 Re8e6
23.Ng4xf6 Re6xf6
24.g4 Ra8e8
25.g5 hxg5
26.Rg1xg5 Rf6f3
27.Ra1g1 g6
28.h4 c5
29.h5 c4
30.Ke2 Rf3f5
31.Rg5xf5 cxb3
32.axb3 Kh7
33.hxg6 fxg6
34.Rf5xd5 Na5xb3
35.Rd5d7 Kh8
36.Rg1xg6 Nb3c1
37.Kd2 Nc1b3
38.Kc2 Nb3a5
39.d5 Na5c4
40.Kb3 Nc4e5
41.Be3d4 b5
42.f4 { resign }
1-0

[Event "Match"]
[Site "www.echecsemail.com"]
[Date "2016.12.13"]
[Round "1"]
[White "Fangshuo"]
[Black "Jobeye"]
[WhiteElo "2110"]
[BlackElo "2149"]
[Result "1-0"]
[Round "1"]
1.e4 d6
2.Ng1f3 g6
3.Bf1c4 e5
4.d3 Bf8e7
5.Nb1c3 c6
6.O-O Bc8d7
7.d4 b5
8.Bc4e2 Be7f6
9.dxe5 dxe5
10.Qd1d6 Qd8e7
11.Qd6xe7 Ng8xe7
12.a4 b4
13.Nc3d1 Bd7e6
14.b3 Nb8d7
15.Bc1g5 Bf6g7
16.Bg5xe7 Kxe7
17.Nf3g5 Nd7c5
18.Ng5xe6 Kxe6
19.Be2c4 Ke7
20.f3 f5
21.Nd1e3 fxe4
22.fxe4 Nc5xe4
23.Rf1f7 Kd8
24.Ra1d1 Ke8
25.Rf7xg7 a5
26.Rd1d7 Ne4g5
27.Ne3g4 Ra8d8
28.Rg7e7 Kf8
29.Rd7xd8 Kxe7
30.Rd8xh8 h5
31.Ng4xe5 Kd6
32.Ne5xg6 { resign }
1-0

[Event "Match"]
[Site "www.echecsemail.com"]
[Date "2016.12.13"]
[Round "1"]
[White "Guidom"]
[Black "Jobeye"]
[WhiteElo "2150"]
[BlackElo "1809"]
[Result "1-0"]
[Round "1"]
1.e4 c6
2.d4 e5
3.d5 cxd5
4.exd5 Qd8b6
5.c4 Bf8c5
6.Qd1c2 Nb8a6
7.a3 Ng8f6
8.b4 Bc5d4
9.Ra1a2 Nf6g4
10.Ng1h3 d6
11.f3 Ng4e3
12.Bc1xe3 Bd4xe3
13.Nb1c3 Bc8d7
14.Qc2d3 g6
15.Nc3e4 Ke7
16.Ra2e2 Be3d4
17.f4 Na6xb4
18.axb4 Qb6xb4
19.Ne4d2 Bd7g4
20.fxe5 Bg4xe2
21.exd6 Kxd6
22.Qd3xd4 Be2xf1
23.c5 Qb4xc5
24.Nd2e4 Kc7
25.Qd4xc5 Kd7
26.Ne4f6 Kd8
27.Qc5d6 Kc8
28.Qd6d7 Kb8
29.Rh1xf1 a5
30.d6 Ka7
31.Qd7c7 Ra8c8
32.Qc7xa5 { resign }
1-0

[Event "Match"]
[Site "www.echecsemail.com"]
[Date "2016.12.13"]
[Round "1"]
[White "Iko"]
[Black "Genius3"]
[WhiteElo "1620"]
[BlackElo "1650"]
[Result "0-1"]
[Round "1"]
1.e4 Ng8f6
2.e5 Nf6d5
3.Bf1c4 e6
4.Bc4xd5 exd5
5.d4 d6
6.Ng1f3 dxe5
7.Nf3xe5 Bf8d6
8.Qd1f3 Bd6xe5
9.dxe5 O-O
10.Bc1f4 c6
11.O-O Bc8e6
12.Nb1c3 Nb8d7
13.Ra1d1 Qd8e7
14.Rd1d3 Nd7c5
15.Rd3d4 Qe7d7
16.Rf1e1 Qd7c7
17.Re1e3 Qc7e7
18.b4 Nc5d7
19.Nc3a4 Nd7b6
20.Re3a3 Nb6xa4
21.Ra3xa4 a6
22.Qf3g3 Kh8
23.Bf4g5 Qe7d7
24.f4 f6
25.f5 fxg5
26.fxe6 Qd7xe6
27.Qg3xg5 Rf8f5
28.Qg5g3 Qe6xe5
29.Qg3h4 Qe5e3
30.Kh1 Rf5f1

0-1

[Event "Match"]
[Site "www.echecsemail.com"]
[Date "2016.12.13"]
[Round "1"]
[White "Jobeye"]
[Black "Chapi"]
[WhiteElo "2149"]
[BlackElo "2150"]
[Result "1-0"]
[Round "1"]
1.Ng1f3 c5
2.c4 Nb8c6
3.g3 g6
4.e3 Bf8g7
5.Qd1c2 d6
6.a3 Ng8f6
7.d4 Bc8f5
8.Bf1d3 Bf5g4
9.Nf3d2 cxd4
10.e4 Nc6e5
11.f4 Ne5xd3
12.Qc2xd3 Nf6d7
13.h3 Nd7c5
14.Qd3f1 Bg4d7
15.Qf1f3 Bd7c6
16.b4 Nc5xe4
17.Nd2xe4 f5
18.Nb1d2 d3
19.Ra1b1 Bg7c3
20.Qf3xd3 Bc3xd2
21.Ne4xd2 Bc6xh1
22.Qd3d4 e5
23.fxe5 Qd8e7
24.Qd4xd6 Ra8d8
25.Qd6c5 Qe7xc5
26.bxc5 Rd8d7
27.Bc1b2 Ke7
28.e6 Rd7d8
29.Bb2xh8 Rd8xh8
30.Kf2 Rh8c8
31.Rb1xh1 Rc8xc5
32.Rh1e1 Rc5c6
33.Re1e5 Rc6xe6
34.Nd2f3 Re6xe5
35.Nf3xe5 Kd6
36.Ne5d3 Kc6
37.a4 Kb6
38.Ke3 Ka5
39.Kd4 b6
40.c5 bxc5
41.Nd3xc5 Kb4
42.h4 h6
43.Kd5 a5
44.Kd4 g5
45.hxg5 hxg5
46.Kd5 f4
47.Nc5d3 Kxa4
48.g4 Kb3
49.Ke4 a4
50.Kf5 a3
51.Kxg5 a2
52.Nd3c1 Ka3
53.Nc1xa2 f3
54.Na2c3 f2
55.Nc3b1 Kb4
56.Nb1d2 Kc3
57.Nd2f1 Kd3
58.Kf4 Kd4
59.Kf3 Ke5
60.Nf1h2 Kf6
61.Kxf2 Kg6
62.Kf3 Kg5
63.Kg3 { resign }
1-0

[Event "Match"]
[Site "www.echecsemail.com"]
[Date "2016.12.13"]
[Round "1"]
[White "Joseph1983"]
[Black "Jobeye"]
[WhiteElo "2220"]
[BlackElo "2149"]
[Result "1-0"]
[Round "1"]
1.e4 e5
2.Ng1f3 Nb8c6
3.Bf1c4 Ng8f6
4.Nb1c3 d5
5.exd5 Nc6a5
6.Bc4b5 c6
7.dxc6 bxc6
8.Bb5a4 e4
9.Nf3g5 Qd8d4
10.O-O Bf8d6
11.Ng5xe4 Nf6xe4
12.Nc3xe4 Bd6c7
13.Ba4b3 O-O
14.Rf1e1 Bc8f5
15.c3 Qd4e5
16.Ne4g3 Qe5d6
17.Ng3xf5 Qd6xh2
18.Kf1 Qh2h1
19.Ke2 Rf8e8
20.Nf5e3 Qh1h5
21.f3 Bc7g3
22.Re1h1 Qh5b5
23.d3 Ra8d8
24.Bb3c2 f5
25.Kf1 f4
26.a4 Qb5a6
27.b4 Na5c4
28.Ne3xc4 Re8e1
29.Qd1xe1 Bg3xe1
30.Kxe1 Rd8e8
31.Kf2 g6
32.Bc1xf4 Re8e6
33.Ra1e1 Re6f6
34.Bf4h6 Qa6b7
35.Re1e8 Kf7
36.Rh1e1 a6
37.Re8f8 
1-0

[Event "Match"]
[Site "www.echecsemail.com"]
[Date "2016.12.13"]
[Round "1"]
[White "Mdesouza"]
[Black "Jobeye"]
[WhiteElo "2350"]
[BlackElo "1809"]
[Result "1-0"]
[Round "1"]
1.e4 e5
2.Ng1f3 Ng8f6
3.Nf3xe5 d5
4.exd5 Qd8xd5
5.d4 Nb8c6
6.Ne5xc6 bxc6
7.Bf1e2 Bc8h3
8.Be2f3 Qd5e6
9.Kd2 O-O-O
10.c3 Bf8b4
11.Qd1e2 Rd8xd4
12.Ke1 Qe6xe2
13.Kxe2 Rh8e8
14.Bc1e3 Rd4c4
15.cxb4 Rc4c2
16.Nb1d2 Bh3g4
17.b3 Nf6d5
18.Bf3xg4 Kb7
19.Rh1c1 Nd5c3
20.Kd3 { resign }
1-0

[Event "1/64 Finale"]
[Site "www.chess-mail.com"]
[Date "2016.12.13"]
[Round "1"]
[White "Fangshuo"]
[Black "George1955"]
[WhiteElo "2130"]
[BlackElo "2780"]
[Result "0-1"]
[Round "1"]
1.e4 e5
2.Ng1f3 Nb8c6
3.Nb1c3 Ng8f6
4.Bf1b5 Bf8b4
5.a3 Bb4xc3
6.bxc3 O-O
7.Bb5xc6 bxc6
8.d3 Rf8e8
9.O-O d5
10.Bc1g5 dxe4
11.Bg5xf6 Qd8xf6
12.dxe4 Bc8g4
13.Ra1b1 Re8d8
14.Qd1e2 Ra8b8
15.Rb1xb8 Rd8xb8
16.Rf1d1 a5
17.h3 Bg4xf3
18.Qe2xf3 Qf6xf3
19.gxf3 Kf8
20.Rd1d7 Rb8c8
21.Kf1 Ke8
22.Rd7d3 Rc8b8
23.Ke2 Rb8b2
24.Kd2 Rb2a2
25.c4 h5
{ resign }
0-1

[Event "1/128 Finale"]
[Site "www.chess-mail.com"]
[Date "2016.12.13"]
[Round "1"]
[White "Bevittsmith"]
[Black "Lachouette"]
[WhiteElo "2250"]
[BlackElo "1489"]
[Result "1-0"]
[Round "1"]
1.e4 e5
2.Ng1f3 Nb8c6
3.Bf1b5 d6
4.d4 Bc8d7
5.O-O a6
6.Bb5xc6 bxc6
7.dxe5 Bd7g4
8.Nb1c3 Bg4xf3
9.Qd1xf3 dxe5
10.Bc1e3 f6
11.Rf1d1 Qd8c8
12.Rd1d3 Bf8d6
13.Nc3e2 Qc8e6
14.b3 Ng8e7
15.c4 O-O
16.c5 Ne7g6
17.cxd6 cxd6
18.Ne2g3 Rf8d8
19.Ra1d1 c5
20.Be3xc5 dxc5
21.Rd3xd8 Ra8xd8
22.Rd1xd8 Kf7
23.Ng3f5 Ng6e7
24.Rd8d6 Qe6c8
25.Nf5xe7 Kxe7
26.Qf3d3 Kf7
27.Qd3d5 Kg6
28.Qd5xe5 c4
29.Qe5f5 Qc8xf5
30.exf5 Kxf5
31.bxc4 g5
32.c5 Ke5
33.Rd6d8 f5
34.c6 Ke6
35.c7 Ke7
36.c8Q Kf6
37.Rd8d6 Ke5
38.Qc8e6 Kf4
39.Rd6d4 { resign }
1-0

[Event "1/16 Finale"]
[Site "www.chess-mail.com"]
[Date "2016.12.13"]
[Round "1"]
[White "Sachpat"]
[Black "Fjpv"]
[WhiteElo "2530"]
[BlackElo "2680"]
[Result "1-0"]
[Round "1"]
1.e4 e5
2.Ng1f3 Ng8f6
3.Nf3xe5 d6
4.Ne5f3 Nf6xe4
5.d4 d5
6.Bf1d3 Nb8c6
7.O-O Bf8e7
8.Rf1e1 Bc8g4
9.c3 f5
10.Qd1b3 O-O
11.Nb1d2 Nc6a5
12.Qb3c2 Na5c6
13.b4 a6
14.Ra1b1 Be7d6
15.h3 Bg4h5
16.b5 axb5
17.Rb1xb5  { time }
1-0

[Event "Fast Game"]
[Site "www.echecsemail.com"]
[Date "2016.12.13"]
[Round "1"]
[White "Hennie4820"]
[Black "Piriot"]
[WhiteElo "1720"]
[BlackElo "1599"]
[Result "1-0"]
[Round "1"]
1.e4 e5
2.Ng1f3 Ng8f6
3.Nf3xe5 d6
4.Ne5f3 Nf6xe4
5.c3 d5
6.d4 Bf8d6
7.Bf1d3 O-O
8.O-O Nb8c6
9.Rf1e1 Bc8f5
10.Bc1e3 Rf8e8
11.Bd3xe4  { time }
1-0

[Event "Tourn. n9093"]
[Site "www.chess-mail.com"]
[Date "2016.12.14"]
[Round "1"]
[White "Azulmarino"]
[Black "Madz123456"]
[WhiteElo "1580"]
[BlackElo "1500"]
[Result "0-1"]
[Round "1"]
1.e4 Ng8f6
2.d3 d5
3.e5 Nf6d7
4.d4 c5
5.c3 Nb8c6
6.f4 cxd4
7.cxd4 Nd7b6
8.Bc1d2 Nc6xd4
9.Bd2a5 Nd4c6
10.Bf1b5 Bc8d7
11.Ng1f3 Nc6xa5
12.Bb5d3 Nb6c4
13.Nb1c3 Nc4xb2
14.Qd1c2 Nb2xd3
15.Qc2xd3 e6
16.Nf3d4 Bf8c5
17.Nd4f3 Na5c4
18.Nc3xd5 exd5
19.Qd3xd5 Qd8a5
20.Kd1 Nc4b2
21.Ke2 Bd7b5
{ resign }
0-1

[Event "Tourn. n9123"]
[Site "www.chess-mail.com"]
[Date "2016.12.14"]
[Round "1"]
[White "Guidom"]
[Black "Urbe69"]
[WhiteElo "2170"]
[BlackElo "2089"]
[Result "0-1"]
[Round "1"]
1.e4 e6
2.d4 d5
3.Nb1c3 dxe4
4.Nc3xe4 Nb8d7
5.c3 Ng8f6
6.Bc1g5 h6
7.Bg5h4 c5
8.dxc5 g5
9.Bh4g3 Nf6xe4
{ resign }
0-1

[Event "Tourn. n9082"]
[Site "www.chess-mail.com"]
[Date "2016.12.14"]
[Round "1"]
[White "Madz123456"]
[Black "Azulmarino"]
[WhiteElo "1450"]
[BlackElo "1570"]
[Result "1-0"]
[Round "1"]
1.c4 d5
2.cxd5 Qd8xd5
3.Nb1c3 Qd5d4
4.Ng1f3 Qd4b4
5.e4 e5
6.Nf3xe5 Bf8c5
7.Ne5d3 Qb4b6
8.Nd3xc5 Qb6xc5
9.Nc3d5 Ng8h6
10.d4 Qc5a5
11.Bc1d2 Bc8g4
12.Qd1b3 Qa5xd5
13.exd5 O-O
14.Bd2xh6 Rf8e8
15.Bh6e3 Nb8d7
16.Ra1c1 Nd7b6
17.Rc1xc7 Ra8c8
18.d6 Rc8xc7
19.dxc7 h6
20.d5 Re8c8
21.d6 Bg4e6
22.Qb3xe6 { resign }
1-0

[Event "Tourn. n9009"]
[Site "www.chess-mail.com"]
[Date "2016.12.14"]
[Round "1"]
[White "Fabos12"]
[Black "Panham"]
[WhiteElo "2090"]
[BlackElo "2200"]
[Result "1-0"]
[Round "1"]
1.d4 d5
2.Ng1f3 Ng8f6
3.c4 c6
4.cxd5 cxd5
5.Nb1c3 e6
6.Bc1g5 Bf8e7
7.e3 O-O
8.Bf1d3 Nb8d7
9.Bg5xf6 Nd7xf6
10.e4 dxe4
11.Nc3xe4 Nf6d5
12.O-O Bc8d7
13.a3 Ra8c8
14.Qd1d2 Bd7c6
15.Ra1c1 Qd8b6
16.Ne4c5 Bc6b5
17.Bd3xb5 Qb6xb5
18.a4 Qb5b6
19.Nc5d7 Be7b4
20.Qd2g5 Qb6d8
21.Rc1xc8 Qd8xc8
22.Nd7xf8 Bb4xf8
23.Rf1c1 Qc8d7
24.b3 h6
25.Qg5g3 Bf8b4
26.Nf3e5 Qd7e7
27.Rc1c8 Kh7
28.h4 Qe7f6
29.Qg3d3 g6
30.Qd3b5 Bb4e1
31.Ne5f3 Nd5c3
32.Qb5e8 Qf6g7
33.Rc8c7 { resign }
1-0

[Event "Tourn. n9099"]
[Site "www.chess-mail.com"]
[Date "2016.12.14"]
[Round "1"]
[White "Autmich"]
[Black "Madz123456"]
[WhiteElo "999"]
[BlackElo "1500"]
[Result "0-1"]
[Round "1"]
1.e4 e5
2.Ng1f3 Nb8c6
3.Bf1c4 Ng8f6
4.Nb1c3 Nf6xe4
5.Bc4xf7 Kxf7
6.Nc3xe4 d5
7.Ne4g3 e4
8.Nf3g1 h5
9.Ng3xh5 Bf8c5
10.d3 Qd8h4
11.Nh5g3 Bc8g4
12.Ng1e2 Nc6d4
{ resign }
0-1

[Event "Tourn. n9054"]
[Site "www.chess-mail.com"]
[Date "2016.12.14"]
[Round "1"]
[White "Azulmarino"]
[Black "Madz123456"]
[WhiteElo "1580"]
[BlackElo "1420"]
[Result "0-1"]
[Round "1"]
1.e4 e5
2.Ng1f3 Nb8c6
3.c4 Bf8c5
4.Nb1c3 d6
5.d3 Nc6d4
6.Bc1e3 Ng8f6
7.h3 a6
8.Be3xd4 exd4
9.Nc3d5 O-O
10.Nd5xf6 Qd8xf6
11.Qd1d2 b5
12.Bf1e2 bxc4
13.dxc4 Qf6g6
14.Nf3h4 Qg6xe4
15.Nh4f3 Bc8f5
16.O-O d3
17.Nf3g5 Qe4xe2
18.Qd2f4 Bf5g6
19.Ra1e1 Qe2xb2
20.Re1d1 Ra8e8
21.Rd1d2 Qb2c3
22.Rf1d1 Re8e2
23.Rd2xd3 Bg6xd3
24.Rd1c1 Qc3b2
25.Qf4h4 Bc5xf2
26.Qh4xf2 Re2xf2
27.Kh2 Rf2xg2
28.Kh1 Rg2h2
{ resign }
0-1

[Event "Tourn. n9049"]
[Site "www.chess-mail.com"]
[Date "2016.12.14"]
[Round "1"]
[White "Lachouette"]
[Black "Madz123456"]
[WhiteElo "1509"]
[BlackElo "1420"]
[Result "0-1"]
[Round "1"]
1.Nb1c3 d5
2.d4 c6
3.e3 Bc8f5
4.Bf1d3 e6
5.Bd3xf5 exf5
6.Ng1f3 Bf8d6
7.Bc1d2 Ng8f6
8.Nf3e5 Nb8d7
9.f4 O-O
10.Qd1f3 Bd6b4
11.Ne5xd7 Qd8xd7
12.O-O-O b5
13.a3 Bb4d6
14.b4 a5
15.Nc3a2 axb4
16.Bd2xb4 Bd6xb4
17.Na2xb4 Ra8xa3
18.Kd2 Qd7a7
19.Nb4xc6 Qa7c7
20.Nc6e5 Nf6e4
21.Ke2 Qc7xc2
22.Ke1 Ra3a2
23.g4 Ne4f2
24.Rh1g1 Nf2xd1
25.Qf3xd1 Qc2f2
{ resign }
0-1

[Event "Tourn. n9067"]
[Site "www.chess-mail.com"]
[Date "2016.12.14"]
[Round "1"]
[White "Faerieking"]
[Black "Norlavuaram"]
[WhiteElo "2200"]
[BlackElo "2220"]
[Result "0-1"]
[Round "1"]
1.e4 e5
2.Ng1f3 Nb8c6
3.Bf1c4 Bf8e7
4.c3 Ng8f6
5.d3 O-O
6.O-O d5
7.exd5 Nf6xd5
8.h3 a6
9.a4 Bc8e6
10.Rf1e1 f6
11.Nb1d2 Kh8
12.a5 Be6g8
13.Nd2f1 Be7c5
14.d4 exd4
15.cxd4 Bc5b4
16.Bc1d2 Bb4d6
17.Qd1b3 Ra8b8
18.Kh1 Nc6e7
19.Nf1e3 c6
20.Ra1c1 Bd6c7
21.Rc1a1 Qd8d6
22.Ne3xd5 Ne7xd5
23.g3 Qd6d7
24.Kg2 Bg8f7
25.Re1e2 Bc7d6
26.Ra1e1 h6
27.Nf3h4 g5
28.Nh4f3 b5
29.axb6 Rb8xb6
30.Qb3d3 Rb6xb2
31.Bc4xa6 Kg7
32.Bd2c3 Rb2xe2
33.Re1xe2 Bf7g6
34.Qd3d2 Rf8a8
35.Ba6c4 Ra8b8
36.Nf3e5 fxe5
37.dxe5 Nd5xc3
38.Qd2xc3 Bd6b4
{ resign }
0-1

[Event "Tourn. n9117"]
[Site "www.chess-mail.com"]
[Date "2016.12.14"]
[Round "1"]
[White "Bojan"]
[Black "Hippomoomoo"]
[WhiteElo "2010"]
[BlackElo "2009"]
[Result "0-1"]
[Round "1"]
1.e4 d6
2.d4 g6
3.c3 Bf8g7
4.h3 Ng8f6
5.Bf1d3 e5
6.d5 c5
7.dxc6 Nb8xc6
8.Bc1e3 d5
9.exd5 Qd8xd5
10.f3 O-O
11.Ng1e2 Rf8d8
12.Bd3c2 Bc8f5
13.Qd1xd5 Nf6xd5
14.Bc2xf5 Nd5xe3
15.Kf2 Ne3xf5
16.Nb1a3 Bg7f8
17.Na3c4 b5
18.Nc4e3 Bf8c5
{ resign }
0-1

[Event "Tourn. n9019"]
[Site "www.chess-mail.com"]
[Date "2016.12.14"]
[Round "1"]
[White "Umutkrc"]
[Black "Osopanda"]
[WhiteElo "1920"]
[BlackElo "1990"]
[Result "0-1"]
[Round "1"]
1.e3 e5
2.d4 exd4
3.Qd1xd4 Ng8f6
4.Nb1c3 d5
5.Ng1f3 c5
6.Qd4e5 Bf8e7
7.Bf1b5 Nb8c6
8.Bb5xc6 bxc6
9.Nc3e2 O-O
10.Qe5c3 Bc8g4
11.Ne2g3 Rf8e8
12.Bc1d2 a5
13.Nf3e5 Qd8c7
14.Ne5xg4 Nf6xg4
15.Ng3f5 Be7f8
16.h3 Ng4f6
17.O-O c4
18.a3 Bf8c5
19.Bd2c1 Qc7e5
20.Qc3xe5 Re8xe5
21.g4 g6
22.f4 Re5e8
23.Nf5d4 Bc5xd4
24.exd4 Re8e2
25.Rf1f2 Re2e1
26.Kg2 Ra8e8
27.c3 Nf6e4
28.Rf2f1 Re1xf1
29.Kxf1 f5
30.g5 c5
31.Bc1e3 cxd4
32.cxd4 Ne4xg5
33.Be3d2 Ng5xh3
34.Bd2xa5 Nh3xf4
35.Ba5c7 Nf4d3
36.a4 Nd3xb2
37.Bc7e5 Nb2d3
38.Be5d6 Re8a8
39.a5 c3
40.Ke2 Nd3b2
41.Bd6f4 Nb2c4
42.Kd3 Ra8xa5
43.Ra1xa5 Nc4xa5
44.Kxc3 Na5c6
45.Bf4g5 Kf7
46.Kd3 Kg7
47.Ke3 h6
48.Bg5f4 g5
{ resign }
0-1

[Event "Tourn. n9065"]
[Site "www.chess-mail.com"]
[Date "2016.12.14"]
[Round "1"]
[White "Amaya"]
[Black "Norlavuaram"]
[WhiteElo "2100"]
[BlackElo "2220"]
[Result "1-0"]
[Round "1"]
1.Ng1f3 Ng8f6
2.g3 g6
3.Bf1g2 Bf8g7
4.d3 O-O
5.e4 d6
6.O-O c5
7.h3 Nb8c6
8.Nb1d2 Bc8d7
9.c3 Ra8c8
10.a3 e5
11.b4 b6
12.Nf3h2 Nf6e8
13.f4 f5
14.exf5 Bd7xf5
15.Bg2d5 Kh8
16.fxe5 Nc6xe5
17.d4 cxd4
18.cxd4 Ne5d3
19.g4 Bf5d7
20.Rf1xf8 Bg7xf8
21.Qd1f3 Ne8f6
22.Qf3xd3 Nf6xd5
23.Bc1b2 Bf8g7
24.Nh2f3 Qd8f6
25.Ra1f1 Qf6d8
26.h4 Bd7xg4
27.Nf3g5 Bg4f5
28.Rf1xf5 gxf5
29.Ng5f7 { resign }
1-0

[Event "Tourn. n9060"]
[Site "www.chess-mail.com"]
[Date "2016.12.14"]
[Round "1"]
[White "Ranjachess"]
[Black "Lachouette"]
[WhiteElo "1690"]
[BlackElo "1489"]
[Result "1-0"]
[Round "1"]
1.d4 d5
2.Nb1c3 e6
3.Bc1f4 Bf8d6
4.Qd1d2 Nb8c6
5.O-O-O Ng8f6
6.Bf4g5 h6
7.Bg5xf6 gxf6
8.a3 Qd8e7
9.e3 e5
10.Nc3xd5 Qe7d8
11.Bf1b5 Bc8d7
12.Bb5xc6 Bd7xc6
13.e4 Bc6xd5
14.exd5 Qd8e7
15.Ng1f3 O-O-O
16.Rh1e1 Qe7d7
17.dxe5 Bd6e7
18.d6 Be7f8
19.Nf3d4 Bf8g7
20.f4 c6
21.c4 Qd7e6
22.Nd4xe6 fxe6
23.exf6 Bg7xf6
24.Re1xe6 Bf6g7
25.d7 Kb8
26.Rd1e1 Kc7
27.Qd2d6 Kb6
28.Re6e8 Bg7f6
29.Qd6xf6 Rd8xd7
30.Re8xh8 Ka5
31.b4 Ka4
32.Kc2 Kxa3
33.Qf6b2 Ka4
34.Re1a1 
1-0

[Event "Tourn. n9104"]
[Site "www.chess-mail.com"]
[Date "2016.12.14"]
[Round "1"]
[White "Goofy"]
[Black "Jobeye"]
[WhiteElo "2300"]
[BlackElo "2379"]
[Result "1-0"]
[Round "1"]
1.e4 e5
2.Ng1f3 Ng8f6
3.Nf3xe5 Bf8c5
4.d4 Nf6xe4
5.dxc5 Qd8h4
6.Qd1d4 f6
7.Ne5f3 Qh4g4
8.Nb1c3 Nb8c6
9.Qd4xe4 Qg4xe4
10.Nc3xe4 Nc6b4
11.Bf1d3 O-O
12.O-O b6
13.a3 { resign }
1-0

[Event "Tourn. n9051"]
[Site "www.chess-mail.com"]
[Date "2016.12.14"]
[Round "1"]
[White "Fabos12"]
[Black "Norlavuaram"]
[WhiteElo "2080"]
[BlackElo "2250"]
[Result "0-1"]
[Round "1"]
1.d4 Ng8f6
2.Ng1f3 g6
3.c4 Bf8g7
4.Nb1c3 O-O
5.e4 d6
6.Bf1d3 e5
7.d5 Nb8d7
8.Bc1g5 h6
9.Bg5xf6 Nd7xf6
10.O-O Nf6h7
11.Qd1d2 f5
12.Ra1c1 b6
13.b4 f4
14.a4 g5
15.Nc3e2 g4
16.Nf3e1 f3
17.Ne2g3 Nh7g5
18.Ng3h5 Bg7h8
19.Nh5g3 Qd8f6
20.Ng3f5 Bc8xf5
21.exf5 e4
22.Bd3b1 Qf6xf5
23.Ne1c2 fxg2
24.Rf1d1 Ng5f3
{ resign }
0-1

[Event "Tourn. n9118"]
[Site "www.chess-mail.com"]
[Date "2016.12.14"]
[Round "1"]
[White "Prize640"]
[Black "Jobeye"]
[WhiteElo "2420"]
[BlackElo "2410"]
[Result "1-0"]
[Round "1"]
1.Ng1f3 d5
2.c4 dxc4
3.Nb1a3 Nb8c6
4.Na3xc4 g6
5.g3 b6
6.Bf1g2 Ra8b8
7.Nf3e5 Nc6xe5
8.Nc4xe5 Qd8d6
9.Bg2c6 { resign }
1-0

[Event "Tourn. n8936"]
[Site "www.chess-mail.com"]
[Date "2016.12.14"]
[Round "1"]
[White "Geretree"]
[Black "Bigrezi"]
[WhiteElo "1870"]
[BlackElo "1830"]
[Result "0-1"]
[Round "1"]
1.e4 c5
2.Ng1f3 d6
3.Nb1c3 a6
4.d4 cxd4
5.Nf3xd4 Ng8f6
6.Bc1g5 e6
7.Bf1d3 Bf8e7
8.Qd1f3 e5
9.Nd4f5 O-O
10.Bg5xf6 Be7xf6
11.Nc3d5 Nb8c6
12.O-O Bc8e6
13.Bd3c4 Be6xf5
14.Qf3xf5 Nc6d4
15.Nd5xf6 Qd8xf6
16.Qf5xf6 gxf6
17.c3 Nd4c6
18.Ra1d1 Ra8d8
19.Bc4d5 Rd8d7
20.b4 Rf8c8
21.Rd1d3 Kf8
22.Rd3g3 Nc6e7
23.Bd5b3 Ne7c6
24.Rf1d1 Ke7
25.Rg3g7 Rc8h8
26.Rg7xf7 Ke8
27.Rf7xf6 Ke7
28.Rf6f7 Ke8
29.Rf7xd7 Kxd7
30.Bb3d5 Rh8c8
31.a3 b5
32.h4 h6
33.Rd1c1 Nc6e7
34.Bd5b7 Rc8c4
35.f3 Kc7
36.Bb7xa6 Kb6
37.Ba6xb5 Kxb5
38.Kf2 Ne7g6
39.g3 Ka4
40.Ke3 Kxa3
41.h5 Ng6e7
42.g4 Kb2
43.Kd2 Ne7c8
44.g5 hxg5
45.h6 Rc4c7
46.Rc1h1 Rc7h7
47.Rh1h5 Nc8b6
48.Kd3 Kb3
49.b5 Ka4
50.c4 Kb4
51.Rh5xg5 Rh7xh6
52.c5 Kxc5
53.f4 Rh6h3
54.Ke2 Nb6c4
55.f5 Rh3h8
56.f6 Rh8f8
57.Rg5f5 Kxb5
58.Kd3 Kc5
59.f7 Nc4b6
60.Rf5f6 Nb6d7
61.Rf6f1 d5
62.exd5 Kxd5
63.Rf1f5 Ke6
64.Ke4 Nd7f6
65.Rf5xf6 Kxf6
{ resign }
0-1

[Event "Tourn. n9075"]
[Site "www.chess-mail.com"]
[Date "2016.12.14"]
[Round "1"]
[White "Madz123456"]
[Black "Azulmarino"]
[WhiteElo "1420"]
[BlackElo "1570"]
[Result "1-0"]
[Round "1"]
1.e4 d5
2.exd5 Qd8xd5
3.Nb1c3 Qd5f5
4.d4 Ng8f6
5.Ng1f3 b6
6.Bf1d3 Qf5e6
7.Nf3e5 Nf6g4
8.Nc3b5 Qe6f6
9.Ne5xg4 Bc8xg4
10.Qd1xg4 Qf6e6
11.Qg4xe6 fxe6
12.Nb5xc7 Kd8
13.Nc7xa8 Kc8
14.Bc1f4 Kb7
15.Na8c7 Nb8c6
16.Bd3a6 Kb8
17.Nc7xe6 Ka8
18.Ba6d3 a5
19.Bd3e4 g6
20.Be4xc6 Ka7
21.b4 Rh8g8
22.bxa5 bxa5
23.Ra1b1 Bf8g7
24.Rb1b7 Ka8
25.Ne6c7 { resign }
1-0

[Event "Tourn. n9108"]
[Site "www.chess-mail.com"]
[Date "2016.12.14"]
[Round "1"]
[White "Jobeye"]
[Black "Bojan"]
[WhiteElo "2269"]
[BlackElo "2020"]
[Result "1/2-1/2"]
[Round "1"]
1.d4 d5
2.Nb1c3 e6
3.Bc1f4 Bf8d6
4.Qd1d2 a6
5.e4 dxe4
6.Bf4xd6 Qd8xd6
7.Nc3xe4 Qd6d5
8.Ne4g3 Ng8f6
9.c4 Qd5d8
10.Ng1f3 b6
11.Qd2e3 Bc8b7
12.d5 O-O
13.dxe6 Kh8
14.e7 Qd8e8
15.exf8Q Qe8xf8
16.O-O-O Nb8c6
17.Ng3f5 Ra8e8
18.Qe3f4 Re8e4
19.Qf4xc7 Qf8a8
20.Qc7xf7 Qa8g8
21.Qf7xb7 Nc6b4
22.Nf3g5 Re4xc4
23.Bf1xc4 Qg8xc4
24.Kb1 Qc4xa2
25.Kc1 Qa2c4
26.Kb1 Qc4a2
27.Kc1 Qa2c4
28.Kb1 Qc4c2
29.Ka1 { draw }
1/2-1/2